00637nam a2200181Ia 4500008004100000020001500041041001200056082001600068100001900084245008700103260003800190300000900228650001500237700002200252942000700274999001500281952015900296221030s9999 xx 000 0 und d a8125907661 aEnglish a105.23bRaj aS. Rajasekaran 0aEngineering Mechanics - Statics and Dynamicscby S. Rajasekaran, G. S. Subramanian bVikas Pub House.aNew Delhic1999 a1206 aMechanical aG. S. Subramanian cBK c6370d6370 pBE 892g295.00l0o105.23 Rajr2024-06-13 00:00:00w2022-10-30yBK003Print4071aMIETLIBbMIETLIBcBL-Second, FL-1, CUP-1, SH-3, R-3d2000-02-0210HBE